Easy to love, difficult to discipline : the 7 basic skills for turning conflict into cooperation (Record no. 155398)

MARC details
000 -LEADER
fixed length control field 00817nam a2200265Ia 4500
008 - FIXED-LENGTH DATA ELEMENTS--GENERAL INFORMATION
fixed length control field 191130s2000##################000#0#eng##
020 ## - INTERNATIONAL STANDARD BOOK NUMBER
ISBN 9780060007751
082 ## - DEWEY DECIMAL CLASSIFICATION NUMBER
Classification number 649.64 BAI
100 ## - MAIN ENTRY--AUTHOR NAME
Personal name Bailey, Rebecca Anne
245 ## - TITLE STATEMENT
Title Easy to love, difficult to discipline : the 7 basic skills for turning conflict into cooperation
Statement of responsibility, etc Becky A. Bailey
250 ## - EDITION STATEMENT
Edition statement 1st ed
260 ## - PUBLICATION, DISTRIBUTION, ETC. (IMPRINT)
Place of publication New York
Name of publisher William Morrow
Year of publication 2000
300 ## - PHYSICAL DESCRIPTION
Number of Pages x, 285 p. ; 25 cm
500 ## - GENERAL NOTE
General note Includes bibliographical references (p. [273]-276) and index
650 ## - SUBJECT ADDED ENTRY--TOPICAL TERM
Topical Term Child rearing
Topical Term Discipline of children
Topical Term Parent and child
Topical Term Parenting
Topical Term Self-control
991 ## -
-- 349395
Holdings
Withdrawn status Lost status Damaged status Not for loan Home library Current library Shelving location Date acquired Full call number Accession Number Price effective from Koha item type
        Anna Centenary Library Anna Centenary Library 6TH FLOOR, A WING 12.10.2020 649.64 BAI 466759 12.10.2020 English Books

Find us on the map